000 00508nam a2200181 i 4500
001 bg
100 1 _aWEROŃSKI, Andrzej
245 0 _aZmęczenie cieplne metali /
_cAndrzej Weroński.
260 _aWarszawa :
_bWydawnictwa Naukowo-Techniczne,
_c1983.
650 9 _aMetale
_xobróbka plastyczna
650 9 _aWytrzymałość materiałów
650 9 _aOdlewnictwo
_xmateriały
040 _cBPK
041 _apol
080 _a539.4:621.73/.74
942 _cKS
008 s pl f |000 0 pol
999 _c1863
_d1863
856 _uhttp://koha.tu.koszalin.pl/cgi-bin/koha/opac-detail.pl?biblionumber=1863
_yKatalog online BPK